000 00924cam a22003014a 4500
999 _c125788
_d125788
001 14481164
005 20220314111752.0
008 060804s2007 njua b 001 0 eng
020 _a9812700145
020 _a9789812700148
040 _cPK-LaUMT
082 0 0 _a616.994042
_222
_bDNA
245 0 0 _aDNA repair, genetic instability, and cancer /
_ceditors, Qingyi Wei, Lei Li, and David J. Chen
260 _aHackensack, NJ :
_bWorld Scientific,
_c2007
300 _axx, 353 p. :
_bill. (some col.) ;
_c24 cm.
650 0 _aDNA repair.
650 0 _aCancer
_xGenetic aspects.
650 1 2 _aNeoplasms
_xetiology.
650 1 2 _aNeoplasms
_xgenetics.
650 2 2 _aDNA Damage
_xgenetics.
650 2 2 _aDNA Repair
_xgenetics.
650 2 2 _aDNA Repair-Deficiency Disorders.
650 2 2 _aGenetic Predisposition to Disease.
700 1 _aWei, Qingyi.
700 1 _aLi, Lei,
700 1 _aChen, David,
942 _cBK